000 00624cam a22002411 4500
001 sa 68001987
003 DLC
005 20260227112438.0
008 891005s1964 ii c 000 0 tamo
010 _asa 68001987
025 _aPL480:I-T-1735
035 _a(OCoLC)20443488
040 _aDLC
_cWaU
_dDLC
042 _apremarc
050 0 0 _aPL4758.9.T5
_bC6
100 2 _aChockalingam Chettiar, R.,
_d1898-
245 1 0 _aVaḷḷuvar tanta in̲pam.
260 _c[1964]
300 _a150 p.
_bport.
_c18 cm.
500 _aIn Tamil.
600 0 0 _aTiruvaḷḷuvar.
_tTirukkur̲aḷ.
650 0 _aLove in literature.
999 _c78367
_d78367